| 000 | 00796nam a22002177a 4500 | ||
|---|---|---|---|
| 005 | 20240815094353.0 | ||
| 008 | 240815b ||||| |||| 00| 0 eng d | ||
| 020 | _a1558155090 | ||
| 040 |
_aCO-BoUCM _cDavid Moreno _dDavid Moreno |
||
| 041 | _aeng | ||
| 245 | 1 | 0 |
_aCrime _bpublic policies for crime control _cJames Q. Wilson and Joan Petersilia |
| 260 |
_aOakland, California _bICS Press _c2004 |
||
| 300 | _ax, 705 Paginas | ||
| 504 | _aIncluye referencias bibliográficas e índices | ||
| 650 | 1 | 4 |
_aPrevención del delito _zEstados Unidos _9172917 |
| 650 | 1 | 4 |
_aCrimen _zEstados Unidos _9172916 |
| 700 | 1 |
_aWilson, James Q. _eeditor _968744 |
|
| 700 | 1 |
_aPetersilia, Joan _eeditor _9181994 |
|
| 942 |
_2DEWEY _a8 _cLIBRO _e1 _h364.019 _mW749c _n0 |
||
| 999 |
_c324528 _d324528 |
||